<?xml version="1.0" encoding="UTF-8"?>
<record
    xmlns:xsi="http://www.w3.org/2001/XMLSchema-instance"
    xsi:schemaLocation="http://www.loc.gov/MARC21/slim http://www.loc.gov/standards/marcxml/schema/MARC21slim.xsd"
    xmlns="http://www.loc.gov/MARC21/slim">

  <leader>00865nam0a22002531  4500</leader>
  <controlfield tag="001">rc\2604587</controlfield>
  <controlfield tag="005">20250623132410.0</controlfield>
  <datafield tag="035" ind1=" " ind2=" ">
    <subfield code="a">(NLR Aleph) 006768605</subfield>
  </datafield>
  <datafield tag="090" ind1=" " ind2=" ">
    <subfield code="a">5920515</subfield>
    <subfield code="c">5920515</subfield>
  </datafield>
  <datafield tag="100" ind1=" " ind2=" ">
    <subfield code="a">20110914d1930    |||y0rusy50      ca</subfield>
  </datafield>
  <datafield tag="101" ind1="0" ind2=" ">
    <subfield code="a">rus</subfield>
  </datafield>
  <datafield tag="102" ind1=" " ind2=" ">
    <subfield code="a">RU</subfield>
  </datafield>
  <datafield tag="105" ind1=" " ind2=" ">
    <subfield code="a">y   z   |||||</subfield>
  </datafield>
  <datafield tag="200" ind1="1" ind2=" ">
    <subfield code="a">&#x41A;&#x43E;&#x43C;&#x441;&#x43E;&#x43C;&#x43E;&#x43B; &#x438; &#x43D;&#x435;&#x43F;&#x440;&#x435;&#x440;&#x44B;&#x432;&#x43A;&#x430;</subfield>
    <subfield code="f">&#x420;. &#x412;&#x43B;&#x430;&#x434;&#x438;&#x43C;&#x438;&#x440;&#x43E;&#x432;</subfield>
  </datafield>
  <datafield tag="210" ind1=" " ind2=" ">
    <subfield code="a">[&#x41B;&#x435;&#x43D;&#x438;&#x43D;&#x433;&#x440;&#x430;&#x434;]</subfield>
    <subfield code="c">&#x41F;&#x440;&#x438;&#x431;&#x43E;&#x439;</subfield>
    <subfield code="d">1930</subfield>
    <subfield code="g">&#x433;&#x43E;&#x441;. &#x442;&#x438;&#x43F;. &#x438;&#x43C;. &#x415;&#x432;&#x433;. &#x421;&#x43E;&#x43A;&#x43E;&#x43B;&#x43E;&#x432;&#x43E;&#x439;</subfield>
  </datafield>
  <datafield tag="215" ind1=" " ind2=" ">
    <subfield code="a">24 &#x441;.</subfield>
    <subfield code="d">15&#x445;11 &#x441;&#x43C;.</subfield>
  </datafield>
  <datafield tag="225" ind1="1" ind2=" ">
    <subfield code="a">&#x412; &#x43D;&#x43E;&#x433;&#x443; &#x441; &#x43F;&#x430;&#x440;&#x442;&#x438;&#x435;&#x439;</subfield>
  </datafield>
  <datafield tag="700" ind1=" " ind2="1">
    <subfield code="7">ca</subfield>
    <subfield code="8">rus</subfield>
    <subfield code="a">&#x412;&#x43B;&#x430;&#x434;&#x438;&#x43C;&#x438;&#x440;&#x43E;&#x432;</subfield>
    <subfield code="b">&#x420;. &#x412;.</subfield>
    <subfield code="c">&#x43F;&#x430;&#x440;&#x442;. &#x434;&#x435;&#x44F;&#x442;&#x435;&#x43B;&#x44C;</subfield>
    <subfield code="f">1906-1968</subfield>
    <subfield code="g">&#x420;&#x43E;&#x43C;&#x430;&#x43D; &#x412;&#x43B;&#x430;&#x434;&#x438;&#x43C;&#x438;&#x440;&#x43E;&#x432;&#x438;&#x447;</subfield>
    <subfield code="9">234021</subfield>
    <subfield code="3">RU\NLR\AUTH\770234077</subfield>
  </datafield>
  <datafield tag="801" ind1=" " ind2="0">
    <subfield code="a">RU</subfield>
    <subfield code="b">NLR</subfield>
    <subfield code="g">psbo</subfield>
  </datafield>
  <datafield tag="801" ind1=" " ind2="1">
    <subfield code="a">RU</subfield>
    <subfield code="b">ELAR</subfield>
    <subfield code="2">rusmarc</subfield>
  </datafield>
  <datafield tag="852" ind1=" " ind2=" ">
    <subfield code="a">NLR</subfield>
    <subfield code="j">30.8/1771</subfield>
  </datafield>
  <datafield tag="942" ind1=" " ind2=" ">
    <subfield code="c">BOOK</subfield>
  </datafield>
  <datafield tag="980" ind1=" " ind2=" ">
    <subfield code="a">NB</subfield>
  </datafield>
  <datafield tag="995" ind1=" " ind2=" ">
    <subfield code="5">2013-10-26</subfield>
    <subfield code="b">NLR02</subfield>
    <subfield code="c">NLR02</subfield>
    <subfield code="e">RFS</subfield>
    <subfield code="f">6768605-10</subfield>
    <subfield code="k">30.8/1771</subfield>
    <subfield code="o">0</subfield>
    <subfield code="r">BOOK</subfield>
    <subfield code="s">3081771_</subfield>
  </datafield>
</record>
